| 000 | 00547nam a2200181 i 4500 | ||
|---|---|---|---|
| 001 | 128321 | ||
| 003 | ES-MaACL | ||
| 005 | 20230906193231.0 | ||
| 007 | t| | ||
| 008 | 070629s1969 sp ||||1| spa d | ||
| 080 | _a82-312.4"19" | ||
| 100 | 1 |
_aClifford, Francis. _939247 |
|
| 245 | 1 | 0 |
_aHay otra forma de morir / _cFrancis Clifford [seud.] ; [traducción Consuelo G. de Ortega]. |
| 260 |
_aBarcelona : _bBruguera, _c[1969] |
||
| 300 |
_a284 p. ; _c21 cm. |
||
| 700 | 1 |
_aOrtega, Consuelo G. de. _987399 |
|
| 852 |
_aES-MaACL _jC-38857 _bR.70782 |
||
| 999 |
_c128321 _d128321 |
||